000 00388nam a2200169Ia 4500
001 19127
003 IN-NITTTR
005 20251114233221.0
008 251113s9999||||xx |||||||||||||| ||eng||
040 _beng
040 _cIN-NITTTR
041 _aeng
082 _a624.171 W11I
100 _aWang, C.K.
245 0 _aIntermediate structural analysis. /
_cWang, C.K.
942 _2ddc
_cBK
999 _c21761
_d21761